| 000 | 01494cam a22003974i 4500 | ||
|---|---|---|---|
| 003 | PE-LiUPU | ||
| 005 | 20250731173203.0 | ||
| 008 | 150625s1994 sp r 000 0 spa d | ||
| 035 | _a(Sirsi) a30346 | ||
| 040 |
_aPE-LiUPU _bspa _cPE-LiUPU _erda |
||
| 082 | 0 | 4 |
_a211.64 _bL84 _221 |
| 100 | 1 |
_aLorenzo Salas, Gumersindo, _eautor. |
|
| 245 | 1 | 0 | _aHumanismo y Cristianismo. |
| 264 | 1 |
_aMadrid : _bEditorial Covarrubias, _c1994. |
|
| 300 |
_a126 páginas ; _c20.5 centímetros |
||
| 336 |
_atext _2rdacontent |
||
| 337 |
_aunmediated _2rdamedia |
||
| 338 |
_avolume _2rdacarrier |
||
| 505 | 0 | _aEl hombre emergente. -Hombre nuevo. -Por el amor a Dios. -Antropologia y dimension cristologica. -Hombre eclesial y ecumenico.-Es teimpo de crear. -Iglesia en el mundo. -Salvacion encaranada en lo humano. -Tarea de amor a la persona humana. | |
| 526 | _aSEG42 | ||
| 526 | _aSEG41 | ||
| 526 | _aSEG40 | ||
| 526 | _aSEG39 | ||
| 526 | _aP94 | ||
| 526 | _aP87 | ||
| 526 | _aP86 | ||
| 526 | _aP85 | ||
| 526 | _aP77 | ||
| 526 | _aP76 | ||
| 526 | _aP35 | ||
| 942 |
_2ddc _cBOOK |
||
| 949 |
_a211.64 L84 _wDEWEY _c1 _i38647 _lCCODEBUL1 _mBUL _p23.00 _r0 _sY _tBOOK _u2015-06-25 _xBIBLIOTECA _zUNKNOWN _0COMPRA _o.STAFF. Colección Teología |
||
| 596 | _a1 | ||
| 999 |
_a211.64 L84 _wDEWEY _c37791 _i38647 _d37791 _e2018-5-18 _f2021-11-9 _g5 _lCCODEBUL1 _mBUL _n4 _p23.00 _q5 _r0 _sY _tBOOK _u2015-6-25 _xTEOLOGIA _PP35 _0COMPRA _o.STAFF. Colección Teología |
||
| 980 |
_81 _gALBERTO SANCHEZ Responsable de Automatización |
||